000 00466nam a2200193Ia 4500
008 170918s9999 xx 000 0 und d
020 _a590446479
050 _bB772 1991
100 _aBourgeois, Paulette
245 _aFranklin fibs /
245 _cPaulette Bourheois and Brenda Clark.
260 _aNew York :
260 _bScholastic,
260 _c1991
300 _aunpaged :
300 _bcolored illustration ;
300 _c23cm.
500 _a440
999 _c341447
_d341447